La métaphore vive

محفوظ في:
التفاصيل البيبلوغرافية
المؤلف الرئيسي: Ricoeur, Paul (مؤلف)
التنسيق: كتاب
اللغة:الفرنسية
منشور في: París Du Seuil 1975
سلاسل:L'Ordre Philosophique
الموضوعات:
الوسوم: إضافة وسم
لا توجد وسوم, كن أول من يضع وسما على هذه التسجيلة!

MARC

LEADER 00000nam a2200000 a 4500
001 UCL3674
003 CL-VaPUC
008 031205e19750000FR |||||||||||||||||fre|d
020 |a 2020027496 
082 0 4 |a 401.43  |b RIC  |2 21 
100 0 |a Ricoeur, Paul  |e author  |9 446 
245 1 3 |a La métaphore vive 
300 |a 411 p 
942 |c BK 
945 |d 20031205 00:00:00  |a cmena 
260 |a París  |b Du Seuil  |c 1975 
500 |a PROYECTO FONDO FOMENTO ACTUALIZACION DOCENTE 
650 0 |a Filosofía del lenguaje  |9 257082 
650 0 |a Análisis del discurso  |9 256696 
650 0 |a Retórica   |9 266620 
650 7 |a METAFORA  |2 CL-VaPUC  |9 331834 
650 0 |a Semántica  |9 265318 
583 |a last modification  |c 20031205 00:00:00  |k Rodrigo Vera 
490 0 |a L'Ordre Philosophique 
999 |c 306687  |d 306685 
952 |0 0  |1 0  |4 0  |6 401_430000000000000_RIC_1975  |7 0  |8 P  |9 371876  |a BIBARQ  |b BIBARQ  |d 2019-11-21  |i 3971368  |o 401.43 RIC 1975  |p 3971368  |r 2025-01-20  |w 2019-11-21  |y BK  |k ARQ